[Event "World Rapid 2025"]
[Site "Doha QAT"]
[Date "2025.12.28"]
[Round "11.15"]
[White "Dudin, Gleb"]
[Black "Nihal, Sarin"]
[Result "0-1"]
[WhiteTitle "GM"]
[BlackTitle "GM"]
[WhiteElo "2585"]
[BlackElo "2701"]
[WhiteFideId "34184934"]
[BlackFideId "25092340"]
[EventDate "2025.12.26"]

1. c4 e5 2. Nc3 Nf6 3. Nf3 Nc6 4. e3 g6 5. d4 exd4 6. exd4 Bg7 7. d5 Ne7 8. Be2
O-O 9. O-O d6 10. h3 Re8 11. Re1 h6 12. Bf1 Bd7 13. Nd4 Nf5 14. Rxe8+ Qxe8 15.
Nxf5 Bxf5 16. Be3 Ne4 17. Nxe4 Qxe4 18. Qd2 Qe5 19. Bxh6 Qxb2 20. Qxb2 Bxb2 21.
Re1 Bf6 22. g4 Bd7 23. Bd3 a5 24. Bd2 a4 25. f4 a3 26. Kg2 Ba4 27. Bb4 Bb3 28.
Bxa3 Bxa2 29. Bc1 Ra4 30. Re4 b5 31. Re8+ Kh7 32. g5 Bxc4 33. Bxc4 Rxc4 34. gxf6
Rxc1 35. Re7 b4 36. Rxf7+ Kg8 37. Rg7+ Kf8 38. Rh7 b3 39. Rh8+ Kf7 40. Rb8 Rc3
41. Rb4 Kxf6 42. Kh2 Kf5 43. Kg2 Rd3 0-1

[Event "World Rapid 2025"]
[Site "Doha QAT"]
[Date "2025.12.28"]
[Round "11.16"]
[White "Praggnanandhaa, R"]
[Black "Nogerbek, Kazybek"]
[Result "1-0"]
[WhiteTitle "GM"]
[BlackTitle "GM"]
[WhiteElo "2761"]
[BlackElo "2539"]
[WhiteFideId "25059530"]
[BlackFideId "13710427"]
[EventDate "2025.12.26"]

1. e4 e5 2. Nf3 Nc6 3. Bc4 Nf6 4. d3 Bc5 5. c3 a5 6. Nbd2 d6 7. Nf1 Be6 8. Bb5
O-O 9. Bg5 h6 10. Bh4 g5 11. Bg3 Ne7 12. h4 g4 13. N3h2 h5 14. f4 gxf3 15. gxf3
Ng6 16. d4 exd4 17. cxd4 Bb4+ 18. Kf2 d5 19. e5 Ne8 20. Bxe8 Qxe8 21. Rg1 f6 22.
exf6 Kh7 23. Be5 Nxe5 24. dxe5 Bc5+ 25. Ne3 Bf5 26. Rg7+ Kh8 27. Qxd5 Bxe3+ 28.
Kxe3 Rd8 29. Qc5 Rxf6 30. Re7 Qc6 31. Qxc6 Rxc6 32. Rg1 Bg6 33. Rg5 Rd3+ 34. Kf4
Rd2 35. Nf1 Re2 36. Ne3 Kg8 37. Nd5 Kf8 38. Rd7 Re1 39. b3 Rh1 40. Nf6 Rxh4+ 41.
Kg3 Rh1 42. Kg2 Rcc1 43. e6 Rhg1+ 44. Kh2 Rh1+ 45. Kg3 Rce1 46. Rxg6 Rhg1+ 47.
Kf4 Rxe6 48. Rxg1 Rxf6+ 1-0

[Event "World Rapid 2025"]
[Site "Doha QAT"]
[Date "2025.12.28"]
[Round "11.17"]
[White "Radjabov, Teimour"]
[Black "Sanal, Vahap"]
[Result "1/2-1/2"]
[WhiteTitle "GM"]
[BlackTitle "GM"]
[WhiteElo "2692"]
[BlackElo "2546"]
[WhiteFideId "13400924"]
[BlackFideId "6300545"]
[EventDate "2025.12.26"]

1. e4 e5 2. Nf3 Nc6 3. Bc4 Bc5 4. d3 Nf6 5. O-O O-O 6. Nbd2 a6 7. c3 d6 8. Bb3
h6 9. h3 Re8 10. Re1 Be6 11. Bc2 d5 12. exd5 Bxd5 13. Nf1 e4 14. dxe4 1/2-1/2

[Event "World Rapid 2025"]
[Site "Doha QAT"]
[Date "2025.12.28"]
[Round "11.18"]
[White "Sevian, Samuel"]
[Black "Mendonca, Leon Luke"]
[Result "1-0"]
[WhiteTitle "GM"]
[BlackTitle "GM"]
[WhiteElo "2688"]
[BlackElo "2615"]
[WhiteFideId "2040506"]
[BlackFideId "35028561"]
[EventDate "2025.12.26"]

1. e4 e6 2. d4 d5 3. Nc3 dxe4 4. Nxe4 Nd7 5. Bd3 Ngf6 6. Qe2 Nxe4 7. Bxe4 a6 8.
Nf3 Nf6 9. Bg5 h6 10. Bxf6 Qxf6 11. O-O-O Bd6 12. Kb1 Qe7 13. Ne5 O-O 14. f4 Bd7
15. Bxb7 Rab8 16. Qxa6 Bxe5 17. dxe5 Bc8 18. Bxc8 Qb4 19. b3 Rfxc8 20. Qd3 Qxf4
21. Qd4 Qg5 22. h4 Qxg2 23. Qf4 Qg6 24. Rhg1 Qh7 25. Rd7 Qf5 26. Qxf5 exf5 27.
e6 Rf8 28. Rxc7 Rb6 29. exf7+ Rxf7 30. Rxf7 Kxf7 31. a4 f4 32. h5 f3 33. Kc1 g5
34. hxg6+ Rxg6 35. Rf1 Rg3 36. Kd2 Ke6 37. Ke3 f2+ 38. Kxf2 Rc3 39. Rc1 h5 40.
Ke2 h4 41. Kd2 Rg3 42. Re1+ Kf5 43. Re8 Rg5 44. a5 Kf4 45. Rh8 Kg3 46. b4 h3 47.
a6 1-0

[Event "World Rapid 2025"]
[Site "Doha QAT"]
[Date "2025.12.28"]
[Round "11.19"]
[White "Movahed, Sina"]
[Black "Esipenko, Andrey"]
[Result "0-1"]
[WhiteTitle "GM"]
[BlackTitle "GM"]
[WhiteElo "2596"]
[BlackElo "2698"]
[WhiteFideId "42520835"]
[BlackFideId "24175439"]
[EventDate "2025.12.26"]

1. e4 e5 2. Nf3 Nc6 3. Bb5 a6 4. Ba4 Nf6 5. Qe2 b5 6. Bb3 Bc5 7. c3 d6 8. d3 h6
9. h3 Rb8 10. Nbd2 a5 11. Nf1 a4 12. Bc2 Bb6 13. g4 Bd7 14. Ng3 g6 15. g5 Ng8
16. d4 exd4 17. e5 dxc3 18. gxh6 Qe7 19. Ne4 Nxe5 20. Kf1 cxb2 21. Bxb2 Rxh6 22.
Nxe5 dxe5 23. Bxe5 Bxh3+ 24. Kg1 Bg4 25. Qxb5+ Kf8 26. Kg2 Rxh1 27. Rxh1 Re8 28.
f4 Qa3 29. Bd3 Rd8 30. Bc3 Qxa2+ 31. Kg3 Qb3 32. Bb4+ Kg7 33. Bc3+ Kf8 34. Rh8
Qxb5 35. Bxb5 Bd4 36. Bxd4 Rxd4 37. Nf6 Be6 38. Rxg8+ Ke7 39. Ng4 a3 40. Ra8 Rb4
41. Bd3 Rb3 42. Ne5 Bf5 43. Ra7 Bxd3 44. Rxc7+ Ke6 45. Kf2 a2 46. Ra7 Bb1 47.
Nxf7 Kf5 48. Ne5 g5 49. Nc4 Kxf4 50. Ra4 Rb8 51. Nd2+ Ke5 52. Nf3+ Kd5 53. Nxg5
Rb2+ 54. Ke3 Bc2 55. Ra7 Bb3 56. Ne4 Kc4 57. Nd2+ Kb4 58. Rb7+ Ka3 59. Ra7+ Ba4
60. Nc4+ Kb3 61. Kd3 Bb5 62. Rb7 Kb4 63. Kd4 0-1

[Event "World Rapid 2025"]
[Site "Doha QAT"]
[Date "2025.12.28"]
[Round "11.20"]
[White "Lu, Shanglei"]
[Black "Makarian, Rudik"]
[Result "1/2-1/2"]
[WhiteTitle "GM"]
[BlackTitle "GM"]
[WhiteElo "2643"]
[BlackElo "2524"]
[WhiteFideId "8603332"]
[BlackFideId "44105681"]
[EventDate "2025.12.26"]

1. e4 e5 2. Nf3 Nc6 3. d4 exd4 4. Nxd4 Bc5 5. Be3 Qf6 6. c3 d6 7. Bb5 Ne7 8. O-O
O-O 9. Kh1 Bb6 10. f4 d5 11. e5 Qh6 12. Bxc6 bxc6 13. Qf3 c5 14. f5 Qh4 15. f6
cxd4 16. fxe7 Qxe7 17. cxd4 c6 18. Nc3 Ba6 19. Rfe1 Qb4 20. Qf2 f6 21. a3 Qe7
22. exf6 Rxf6 23. Qd2 Qf7 24. Na4 Bc7 25. Nc5 Bc8 26. Qe2 h6 27. Bg1 Bf5 28. Qe7
Qxe7 29. Rxe7 Bd6 30. Re2 a5 31. Rc1 Rb8 32. h3 Rb5 33. Na4 Bf4 34. Rc3 Bb8 35.
Rc5 Rxc5 36. Nxc5 Ba7 37. Re7 Rf7 38. Rxf7 Kxf7 39. Be3 g5 40. Kg1 Bb8 41. Bd2
Bc7 42. b4 axb4 43. Bxb4 1/2-1/2

[Event "World Rapid 2025"]
[Site "Doha QAT"]
[Date "2025.12.28"]
[Round "11.21"]
[White "Mamedov, Rauf"]
[Black "Gan-Erdene, Sugar"]
[Result "1-0"]
[WhiteTitle "GM"]
[BlackTitle "IM"]
[WhiteElo "2645"]
[BlackElo "2444"]
[WhiteFideId "13401653"]
[BlackFideId "4902980"]
[EventDate "2025.12.26"]

1. e4 c5 2. c3 e6 3. d4 cxd4 4. cxd4 d5 5. e5 Nc6 6. Nf3 Nge7 7. Na3 Nf5 8. Nc2
Be7 9. Bd3 Bd7 10. O-O h5 11. Rb1 g5 12. Be3 a5 13. Nfe1 g4 14. Bxf5 exf5 15.
Nd3 h4 16. a3 a4 17. Rc1 Na5 18. Ncb4 Bb5 19. Re1 Nb3 20. Rc3 Bc4 21. Nf4 Bxb4
22. axb4 Qd7 23. Rxc4 dxc4 24. d5 O-O-O 25. d6 Kb8 26. Bb6 Rc8 27. Nd5 Rc6 28.
Nf6 Qe6 29. d7 Rxb6 30. d8=Q+ Rxd8 31. Qxd8+ Ka7 32. Nd7 Rxb4 33. Rd1 c3 34.
Qb8+ Ka6 35. Rd6+ b6 36. Rxe6 fxe6 37. bxc3 1-0

[Event "World Rapid 2025"]
[Site "Doha QAT"]
[Date "2025.12.28"]
[Round "11.22"]
[White "Gurel, Ediz"]
[Black "Moussard, Jules"]
[Result "1/2-1/2"]
[WhiteTitle "GM"]
[BlackTitle "GM"]
[WhiteElo "2645"]
[BlackElo "2600"]
[WhiteFideId "44507356"]
[BlackFideId "642908"]
[EventDate "2025.12.26"]

1. e4 e5 2. Nf3 Nf6 3. d4 exd4 4. e5 Ne4 5. Qxd4 d5 6. exd6 Nxd6 7. Bg5 Nc6 8.
Qe3+ Be7 9. Nc3 Nf5 10. Qe4 Nd6 11. Bxe7 Qxe7 12. Qxe7+ Nxe7 13. Nd4 Bd7 14. Be2
O-O-O 15. O-O-O Rhe8 16. h4 Nc6 17. h5 h6 18. Rh4 Re5 19. Bf3 Nxd4 20. Rhxd4
Rde8 21. Nd5 Re1 22. Rxe1 Rxe1+ 23. Kd2 Re5 24. Ne3 b6 25. b3 Be6 26. a4 Kd7 27.
Rf4 Ke7 28. Kd3 c5 29. Rh4 Nf5 30. Nxf5+ Bxf5+ 31. Kd2 Be6 32. Be2 Rd5+ 33. Kc3
Re5 34. Bd3 Bd5 35. f3 Rg5 36. Bf1 Kf6 37. a5 Ke7 38. Kd2 f6 39. axb6 axb6 40.
Ra4 Kd6 41. Ra7 Bc6 42. Ke3 Bd7 43. Ra6 Kc7 44. Ra7+ Kd6 45. Ra6 Kc7 46. f4 Rxh5
47. Ra7+ Kd6 48. Ra6 Rh1 49. Bd3 Kc7 50. Ra7+ Kd6 51. Ra6 Kc7 52. Ra7+ 1/2-1/2

[Event "World Rapid 2025"]
[Site "Doha QAT"]
[Date "2025.12.28"]
[Round "11.23"]
[White "Meng, Yihan"]
[Black "Aravindh, Chithambaram VR."]
[Result "0-1"]
[WhiteTitle "IM"]
[BlackTitle "GM"]
[WhiteElo "2456"]
[BlackElo "2703"]
[WhiteFideId "8631891"]
[BlackFideId "5072786"]
[EventDate "2025.12.26"]

1. e4 c5 2. Nf3 e6 3. d4 cxd4 4. Nxd4 a6 5. c4 Nf6 6. Nc3 Qc7 7. a3 b6 8. Be3
Bb7 9. f3 d6 10. Rc1 Be7 11. Be2 Nbd7 12. g4 h6 13. Qd2 Rc8 14. Kd1 Qb8 15. Kc2
Ne5 16. Kb1 Nxc4 17. Bxc4 Rxc4 18. h4 Nd7 19. g5 Ne5 20. f4 Ng4 21. Rhg1 h5 22.
Qd3 b5 23. Rgd1 O-O 24. g6 Bf6 25. Ka1 Bxd4 26. gxf7+ Rxf7 27. Bxd4 Rxf4 28. Rf1
Qf8 29. Bb6 Bxe4 30. Nxe4 Rcxe4 31. Rfd1 Ne5 32. Qg3 Nc4 33. Bc7 Qf6 34. Rc2 Ne3
35. Rcd2 Nxd1 36. Rxd1 Rf1 37. Qd3 Rxd1+ 38. Qxd1 d5 0-1

[Event "World Rapid 2025"]
[Site "Doha QAT"]
[Date "2025.12.28"]
[Round "11.24"]
[White "Aronian, Levon"]
[Black "Pranav, Anand"]
[Result "1-0"]
[WhiteTitle "GM"]
[BlackTitle "GM"]
[WhiteElo "2729"]
[BlackElo "2591"]
[WhiteFideId "13300474"]
[BlackFideId "46626786"]
[EventDate "2025.12.26"]

1. e4 c5 2. Nf3 d6 3. Bc4 Nf6 4. d3 Nc6 5. O-O g6 6. h3 Bg7 7. a4 O-O 8. Nc3 a6
9. Be3 Bd7 10. Qd2 Ne8 11. Bh6 Nc7 12. Bxg7 Kxg7 13. d4 cxd4 14. Nxd4 Ne6 15.
Nxc6 Bxc6 16. a5 b5 17. axb6 Qxb6 18. Rfd1 a5 19. b3 Qb4 20. Qd3 Nc5 21. Qe3 a4
22. Nd5 Bxd5 23. Bxd5 Ra7 24. e5 e6 25. Bc6 d5 26. bxa4 Qb6 27. Bb5 Rfa8 28. Rd4
Ra5 29. Ra3 Qd8 30. c4 Qe7 31. cxd5 exd5 32. Rxd5 Nxa4 33. Rad3 R8a7 34. Qd4 h5
35. e6+ Qf6 36. Rd7 Qxd4 37. R3xd4 Nc5 38. e7 Nxd7 39. e8=Q Rxb5 40. Rxd7 Rxd7
41. Qxd7 Rb1+ 42. Kh2 Re1 43. Qd4+ Kg8 44. Kg3 Re6 45. Kf4 Kh7 46. f3 Ra6 47.
Qc4 Rf6+ 48. Ke5 Rf5+ 49. Kd6 Kg8 50. f4 h4 51. Ke7 Kg7 52. Qd4+ Kg8 53. Qd8+
Kg7 54. Qf8+ Kh7 55. Qxf7+ Rxf7+ 56. Kxf7 Kh6 57. Kf6 Kh5 58. f5 1-0

[Event "World Rapid 2025"]
[Site "Doha QAT"]
[Date "2025.12.28"]
[Round "11.25"]
[White "Hovhannisyan, Robert"]
[Black "Firouzja, Alireza"]
[Result "1/2-1/2"]
[WhiteTitle "GM"]
[BlackTitle "GM"]
[WhiteElo "2621"]
[BlackElo "2762"]
[WhiteFideId "13302507"]
[BlackFideId "12573981"]
[EventDate "2025.12.26"]

1. e4 e5 2. Nf3 Nc6 3. Nc3 Nf6 4. d4 exd4 5. Nxd4 Bc5 6. Nxc6 bxc6 7. Bd3 O-O 8.
O-O Re8 9. Bg5 h6 10. Bh4 g5 11. Bg3 d5 12. exd5 cxd5 13. Qd2 Bb7 14. Na4 Bf8
15. Rad1 c5 16. b3 d4 17. Rfe1 Ne4 18. Bxe4 Bxe4 19. c3 Bg7 20. Nxc5 Bxg2 21.
Rxe8+ Qxe8 22. Kxg2 Qc6+ 23. Kg1 Qxc5 24. cxd4 Qd5 25. Qd3 Re8 26. Qc4 Qf3 27.
Qf1 h5 28. h3 h4 29. Rd3 Qd5 30. Be5 f6 31. Bh2 Re4 32. Rd1 Kh8 33. Qg2 Bf8 34.
Kh1 Kg7 35. Bg1 Qf5 36. d5 Bd6 37. Bh2 Bxh2 38. Kxh2 Re2 39. Kg1 Qc2 40. Rf1 Qd3
41. a4 Kg6 42. b4 Re4 43. d6 Rxb4 44. Qa8 Qxd6 45. Qg8+ Kh6 46. Qh8+ Kg6 47.
Qg8+ Kh6 48. Qh8+ Kg6 49. Qg8+ 1/2-1/2

[Event "World Rapid 2025"]
[Site "Doha QAT"]
[Date "2025.12.28"]
[Round "11.26"]
[White "Ponomariov, Ruslan"]
[Black "Muradli, Mahammad"]
[Result "1/2-1/2"]
[WhiteTitle "GM"]
[BlackTitle "GM"]
[WhiteElo "2639"]
[BlackElo "2581"]
[WhiteFideId "14103320"]
[BlackFideId "13409301"]
[EventDate "2025.12.26"]

1. Nf3 d5 2. b3 Bg4 3. Bb2 Bxf3 4. gxf3 e6 5. e3 Nf6 6. f4 g6 7. c4 Bg7 8. cxd5
exd5 9. Qf3 O-O 10. Nc3 c6 11. d4 c5 12. O-O-O cxd4 13. exd4 Nc6 14. Kb1 Re8 15.
h4 Ne4 16. Nxe4 Rxe4 17. Bd3 Nxd4 18. Qh3 Rxf4 19. h5 Rxf2 20. Rh2 Rxh2 21. Qxh2
Nf3 22. Qf4 Bxb2 23. Kxb2 Ng5 24. hxg6 hxg6 25. Bxg6 fxg6 26. Rg1 Ne6 27. Rxg6+
Ng7 28. Qe5 Qd7 29. Rd6 Qf7 30. Rf6 Re8 31. Rxf7 Rxe5 32. Rxb7 a6 33. Ra7 d4 34.
Rxa6 Re2+ 35. Kc1 Nf5 36. Rf6 Rf2 37. Rc6 Rxa2 38. b4 Kf7 39. b5 Ra5 40. b6 Ke7
41. Kd2 Kd7 42. b7 Rb5 43. Rc5 Rb2+ 44. Kc1 Rxb7 45. Rxf5 Ke6 46. Rh5 1/2-1/2

[Event "World Rapid 2025"]
[Site "Doha QAT"]
[Date "2025.12.28"]
[Round "11.27"]
[White "Nesterov, Arseniy"]
[Black "Martirosyan, Haik M."]
[Result "0-1"]
[WhiteTitle "GM"]
[BlackTitle "GM"]
[WhiteElo "2595"]
[BlackElo "2625"]
[WhiteFideId "24198455"]
[BlackFideId "13306553"]
[EventDate "2025.12.26"]

1. d4 Nf6 2. c4 e6 3. Nf3 d5 4. g3 Be7 5. Bg2 O-O 6. Nc3 Nbd7 7. Ne5 c6 8. O-O
Nxe5 9. dxe5 Nd7 10. cxd5 exd5 11. f4 a5 12. Be3 b5 13. Qc2 Ba6 14. Rfd1 b4 15.
Na4 Bb5 16. Bf2 f5 17. Nc5 Nxc5 18. Bxc5 Bc4 19. Bxe7 Qxe7 20. e3 a4 21. b3 Bb5
22. Rac1 axb3 23. axb3 Ra3 24. Qc5 Qxc5 25. Rxc5 Rb8 26. Bf1 Bxf1 27. Kxf1 Rxb3
28. Rxc6 Rb2 29. Rxd5 b3 30. e6 Kf8 31. Rxf5+ Ke8 32. Rf7 Ra8 33. Rc1 Rc2 34.
Re1 b2 35. Rxg7 Ra1 36. Rb7 Rxh2 37. f5 Rh1+ 38. Kg2 Rhxe1 39. Rxb2 Rxe3 40. Kh3
Ke7 41. Kh4 Kf6 42. Rb5 Rh1+ 43. Kg4 h5+ 44. Kf4 Ree1 45. g4 0-1

[Event "World Rapid 2025"]
[Site "Doha QAT"]
[Date "2025.12.28"]
[Round "11.28"]
[White "Van Foreest, Jorden"]
[Black "Grebnev, Aleksey"]
[Result "0-1"]
[WhiteTitle "GM"]
[BlackTitle "GM"]
[WhiteElo "2692"]
[BlackElo "2632"]
[WhiteFideId "1039784"]
[BlackFideId "34189030"]
[EventDate "2025.12.26"]

1. e4 e5 2. Nf3 Nf6 3. d3 Nc6 4. Be2 g6 5. c3 Bg7 6. b4 a6 7. O-O O-O 8. Nbd2 d6
9. a4 h6 10. Re1 Re8 11. Bb2 a5 12. b5 Nb8 13. Nc4 Nbd7 14. Bf1 b6 15. Ne3 Bb7
16. c4 Nc5 17. g3 Nh7 18. h4 Nf8 19. h5 Nfe6 20. Nh4 Kh7 21. Nd5 Bxd5 22. cxd5
Nf4 23. hxg6+ fxg6 24. Nf3 Nh5 25. Bh3 Rf8 26. Re3 Rf7 27. Ba3 Qe7 28. Bxc5 dxc5
29. Be6 Rff8 30. Kg2 Bf6 31. Qc2 Ng7 32. Bh3 Bg5 33. Re2 Qf6 34. Nh2 h5 35. Rh1
Bh6 36. Ree1 Rf7 37. Ref1 Raf8 38. Qe2 Qg5 39. Qe1 Qf6 40. Qe2 Qg5 41. Qd1 Rf6
42. Rhg1 R6f7 43. Qe2 Rf6 44. Kh1 Qd2 45. Qxd2 Bxd2 46. f4 Be3 47. fxe5 Rxf1 48.
Rxf1 Rxf1+ 49. Nxf1 Bd4 50. d6 Bxe5 51. d7 Bf6 52. Ne3 Kg8 53. e5 Bd8 54. Kg2
Kf7 55. Kf3 Ne6 56. Bxe6+ Kxe6 57. Ke4 g5 58. Nd5 Kxd7 59. Kf5 h4 60. gxh4 gxh4
61. Nf4 c6 62. e6+ Kd6 63. bxc6 Kxc6 64. Kg6 b5 65. axb5+ Kxb5 66. Kf7 a4 67.
Ke8 Bf6 68. Kf7 Bg5 69. Nh3 Bd8 70. Ke8 Bf6 71. Kf7 a3 72. Kxf6 a2 73. e7 a1=Q+
74. Ke6 Qa8 75. Nf4 Kc6 76. Kf7 Kd7 0-1

[Event "World Rapid 2025"]
[Site "Doha QAT"]
[Date "2025.12.28"]
[Round "11.29"]
[White "Sahidi, Samir"]
[Black "Ivanchuk, Vasyl"]
[Result "1-0"]
[WhiteTitle "IM"]
[BlackTitle "GM"]
[WhiteElo "2516"]
[BlackElo "2607"]
[WhiteFideId "14936372"]
[BlackFideId "14100010"]
[EventDate "2025.12.26"]

1. e4 c5 2. Nf3 d6 3. Bc4 Nf6 4. d3 Nc6 5. a3 a6 6. Nc3 e6 7. O-O Be7 8. Re1 O-O
9. Ba2 b5 10. h3 Bb7 11. Bf4 Nd7 12. Ne2 Nde5 13. Ng3 Rc8 14. c3 g6 15. Qe2 Bf6
16. Rad1 Qe7 17. Nh2 Nd7 18. Bh6 Rfe8 19. Ng4 Bg5 20. d4 cxd4 21. cxd4 Bxh6 22.
Nxh6+ Kg7 23. Qd2 Nf6 24. d5 Ne5 25. dxe6 fxe6 26. Qg5 Rc5 27. Qe3 Rec8 28. f4
Nc4 29. Bxc4 Rxc4 30. Ng4 Nxe4 31. b3 Rc3 32. Qd4+ Nf6 33. Kh2 Rxb3 34. Nxf6
Qxf6 35. Qxd6 Kh8 36. Rxe6 Qc3 37. Ne2 Qc7 38. Re8+ 1-0

[Event "World Rapid 2025"]
[Site "Doha QAT"]
[Date "2025.12.28"]
[Round "11.30"]
[White "Anton Guijarro, David"]
[Black "Hakobyan, Aram"]
[Result "0-1"]
[WhiteTitle "GM"]
[BlackTitle "GM"]
[WhiteElo "2646"]
[BlackElo "2613"]
[WhiteFideId "2285525"]
[BlackFideId "13306677"]
[EventDate "2025.12.26"]

1. Nf3 d5 2. c4 d4 3. b4 c6 4. g3 e5 5. Nxe5 Bxb4 6. Bg2 Nf6 7. O-O O-O 8. Bb2
Re8 9. Nf3 c5 10. e3 Nc6 11. exd4 cxd4 12. Na3 d3 13. Nb5 Ne4 14. Re1 Bg4 15. h3
Bh5 16. g4 Bg6 17. Nc3 Bxc3 18. Bxc3 Qb6 19. Rf1 Ng3 20. Rb1 Qc5 21. Rxb7 Nxf1
22. Qxf1 Re2 23. Nh4 Rae8 24. Nxg6 Re1 25. Nf4 Rxf1+ 26. Bxf1 Qxc4 27. Nxd3 Nd4
28. Ne5 Ne2+ 29. Bxe2 Qxe2 30. Rxa7 f6 31. Nd7 Qf3 0-1

[Event "World Rapid 2025"]
[Site "Doha QAT"]
[Date "2025.12.28"]
[Round "11.31"]
[White "Motylev, Alexander"]
[Black "Rakhmanov, Aleksandr"]
[Result "1-0"]
[WhiteTitle "GM"]
[BlackTitle "GM"]
[WhiteElo "2573"]
[BlackElo "2585"]
[WhiteFideId "4121830"]
[BlackFideId "4173708"]
[EventDate "2025.12.26"]

1. d4 Nf6 2. g3 g6 3. Bg2 d5 4. Nf3 Bg7 5. c4 c6 6. Nc3 O-O 7. Qb3 e6 8. O-O
Nbd7 9. Bf4 Nh5 10. Bd6 Re8 11. e4 dxc4 12. Qxc4 Nb6 13. Qc5 Nf6 14. b3 Nfd7 15.
Qa5 Nf6 16. Qa3 a5 17. Rac1 Bd7 18. Qb2 Nc8 19. Bf4 h6 20. Rfd1 Nh5 21. Be3 Nf6
22. h3 Qe7 23. Qb1 Rd8 24. Na4 Be8 25. Nc5 Na7 26. Ne5 b6 27. Na4 Rab8 28. g4
Nh7 29. Bf4 b5 30. Nc3 b4 31. Ne2 Rbc8 32. Nc4 Nb5 33. Nb6 Rc7 34. Qc2 Nxd4 35.
Nxd4 Bxd4 36. Nd5 exd5 37. Bxc7 Bxf2+ 38. Qxf2 Qxc7 39. exd5 Qb7 40. dxc6 Rxd1+
41. Rxd1 Bxc6 42. Rd8+ Kg7 43. Qd4+ Nf6 44. Rd6 Bxg2 45. Qxf6+ Kh7 46. Rd8 1-0

[Event "World Rapid 2025"]
[Site "Doha QAT"]
[Date "2025.12.28"]
[Round "11.32"]
[White "Tin, Jingyao"]
[Black "Matlakov, Maxim"]
[Result "0-1"]
[WhiteTitle "GM"]
[BlackTitle "GM"]
[WhiteElo "2584"]
[BlackElo "2606"]
[WhiteFideId "5804418"]
[BlackFideId "4168003"]
[EventDate "2025.12.26"]

1. d4 d5 2. c4 c6 3. Nf3 Nf6 4. e3 a6 5. b3 Bf5 6. Bd3 Bxd3 7. Qxd3 e6 8. O-O
Nbd7 9. Nbd2 Be7 10. Bb2 O-O 11. e4 dxe4 12. Nxe4 Nxe4 13. Qxe4 Nf6 14. Qe3 a5
15. a4 Qb6 16. Rad1 Rad8 17. Rd3 Qc7 18. h3 b5 19. Ne5 bxa4 20. bxa4 Rb8 21. Bc3
Bb4 22. Ba1 Bd6 23. Qf3 Rb4 24. Rc1 Rxa4 25. Nxc6 Bf4 26. Ne7+ Kh8 27. d5 Bxc1
28. d6 Qxc4 29. Bxf6 Bf4 30. Bc3 Qxc3 31. g3 Qe1+ 32. Kh2 Ra2 33. Kg2 Ra1 0-1

[Event "World Rapid 2025"]
[Site "Doha QAT"]
[Date "2025.12.28"]
[Round "11.33"]
[White "Amin, Bassem"]
[Black "Ibrahimli, Murad"]
[Result "0-1"]
[WhiteTitle "GM"]
[BlackTitle "IM"]
[WhiteElo "2626"]
[BlackElo "2438"]
[WhiteFideId "10601457"]
[BlackFideId "13410229"]
[EventDate "2025.12.26"]

1. Nf3 d5 2. g3 Nc6 3. d4 Bf5 4. Bg2 Nb4 5. Na3 e6 6. O-O Nf6 7. Ne5 c6 8. c3
Na6 9. Qa4 Nb8 10. f3 h6 11. e4 Bh7 12. Bf4 Be7 13. Rae1 O-O 14. Qb3 Qb6 15.
exd5 cxd5 16. Nb1 Nc6 17. Qxb6 axb6 18. a3 Na5 19. Nd2 b5 20. g4 Rfd8 21. h4 Ne8
22. g5 hxg5 23. hxg5 Bf5 24. Kf2 Nc6 25. Nxc6 bxc6 26. Rh1 Bd6 27. Be3 Kf8 28.
Nb3 Ke7 29. Nc5 Ra7 30. Bh3 Bxh3 31. Rxh3 Nc7 32. Rh7 Rg8 33. f4 g6 34. Nd3 Raa8
35. Reh1 Rac8 36. Kf3 Ne8 37. Nf2 Ng7 38. Ng4 Nf5 39. Bf2 Rg7 40. Rxg7 Nxg7 41.
Rh7 Nf5 42. Nh6 Rf8 43. Kg4 Bc7 44. Kf3 Bd6 45. Ng4 Rc8 46. Bg1 Bc7 47. Nh6 Rf8
48. Ng4 Rc8 49. Be3 Bd6 50. Bf2 Bc7 51. b3 Ra8 52. Ne5 Bxe5 53. dxe5 d4 54. cxd4
Rxa3 55. d5 Rxb3+ 56. Ke2 exd5 57. Bc5+ Ke6 58. Rh8 Ng3+ 59. Kd1 Ne4 60. Re8+
Kf5 61. Bd6 d4 62. Kc2 Rh3 63. Rd8 d3+ 64. Kb2 d2 65. Bb4 Rh1 0-1

[Event "World Rapid 2025"]
[Site "Doha QAT"]
[Date "2025.12.28"]
[Round "11.34"]
[White "Kosakowski, Jakub"]
[Black "Bu, Xiangzhi"]
[Result "1/2-1/2"]
[WhiteTitle "GM"]
[BlackTitle "GM"]
[WhiteElo "2549"]
[BlackElo "2665"]
[WhiteFideId "1185080"]
[BlackFideId "8601445"]
[EventDate "2025.12.26"]

1. e4 e5 2. Nf3 Nf6 3. Nxe5 d6 4. Nf3 Nxe4 5. d4 d5 6. Bd3 Bd6 7. O-O O-O 8. c4
c6 9. Re1 Bf5 10. Ng5 Re8 11. Bxe4 dxe4 12. Nc3 Nd7 13. Ngxe4 Bxe4 14. Nxe4
Bxh2+ 15. Kf1 Bc7 16. Bg5 f6 17. Bh4 Nf8 18. d5 Ng6 19. Bg3 Bxg3 20. Nxg3 Rxe1+
21. Qxe1 cxd5 22. Rd1 d4 23. Qe4 Qb6 24. Qxd4 Qxd4 25. Rxd4 Rc8 26. Rd7 Rxc4 27.
Rxb7 Nf4 28. Kg1 Rc1+ 29. Kh2 Rc2 30. Nf5 Rxf2 31. Kg3 Nd3 32. Rxg7+ Kf8 33. Rd7
Rxf5 34. Rxd3 a5 35. Rd7 h5 36. Ra7 Ke8 37. b3 Kd8 38. Kh4 Kc8 39. g3 Rf2 40.
Kxh5 Rxa2 41. Ra6 f5 42. Kg5 Ra3 43. Kxf5 Kb7 44. Re6 Rxb3 45. g4 a4 46. Re4 1/2-1/2

[Event "World Rapid 2025"]
[Site "Doha QAT"]
[Date "2025.12.28"]
[Round "11.35"]
[White "Theodorou, Nikolas"]
[Black "Ahmad, Khagan"]
[Result "1/2-1/2"]
[WhiteTitle "GM"]
[BlackTitle "IM"]
[WhiteElo "2652"]
[BlackElo "2472"]
[WhiteFideId "4262875"]
[BlackFideId "13431552"]
[EventDate "2025.12.26"]

1. d4 Nf6 2. Nf3 d5 3. c4 e6 4. g3 dxc4 5. Bg2 Nbd7 6. a4 c6 7. a5 Bd6 8. Nbd2
b5 9. axb6 Nxb6 10. Ne5 Bxe5 11. dxe5 Nfd5 12. Ne4 O-O 13. O-O Qc7 14. Qd4 c5
15. Nxc5 Nd7 16. Nxe6 fxe6 17. Bxd5 exd5 18. Qxd5+ Kh8 19. Qxa8 Bb7 20. Qxa7 Qc6
21. f3 Ra8 22. Qd4 Rxa1 23. Bd2 Qc5 24. Qxc5 Rxf1+ 25. Kxf1 Nxc5 26. Kf2 Kg8 27.
Ke3 Kf7 28. Bc3 Ke6 29. Kd4 Na4 30. e4 Nxc3 31. bxc3 g5 32. f4 gxf4 33. gxf4 Bc6
34. f5+ Ke7 35. Ke3 Bb7 36. Kf4 Bc6 37. Kf3 Bb7 38. Ke3 Ba8 39. Kd4 Bc6 40. Ke3
Bb7 41. Kf4 Bc6 42. Ke3 1/2-1/2